fortnite for noobs - Statistics

General Stats
  • This quiz has been taken 974 times
  • The average score is 4 of 7
Answer Stats
Hint Answer % Correct
location tilted towers
85%
hi hi
62%
weapon scar
61%
location loot lake
53%
location retail row
53%
location dusty depot
43%
location tomato town
36%
No matching quizzes found
Score Distribution
Percent of People with Each Score
Percentile by Number Answered
Your Score History
You have not taken this quiz